000 00451nam a2200157 a 4500
005 20140412111413.0
008 070215s19uu xx 00 eng d
020 _a0-86163-977-4
050 _aM 599
_bJ44 1999
100 _aJennings, Linda
245 _aWild animals /
_cLinda Jennings.
260 _aLondon :
_bAward publications limited,
_c1999.
440 _aMy first picture book of
650 _aMammals- Juvenile literature
999 _c105745
_d105745